000 00265nam a22000977a 4500
999 _c11740
_d11740
008 200113b ||||| |||| 00| 0 eng d
020 _a9780395553305
100 _aMoss Marissa
_97428
245 _aRegina's Big Mistake
260 _aBoston
_bHoughton Mifflin Company
_c1990